00727nam a22001937a 450000500170000001000150001702000260003203500140005803700090007208200120008124500730009326000460016627000590021230000210027170000340029294200260032699900190035295201620037120250627164647.0 aENG-145326 a9788195048694c170.00 aEN-128858 bDBAD a303.623 aBengal Bleeding Amidst "Secular" SilenceĀ /cedited by Rahul Shastri bSamvit Prakashan and Media PVT. LTDc2021 a1585,1654,madarsa road, kashmere gateb Delhie 110006 a131p.;c22cm(pb) aShastri, rahuleEditor981947 2ddccENmBENh303.623 c211763d211763 001040708NFICaRC3SPbRC3SPd2025-06-12eDelivery of Books Act Divisiong170.00l0oBEN 303.623pEN-128858r2025-06-12 00:00:00t1v170.00w2025-06-12yEN